[Event "Catalunya-ch U16"]
[Site "Vila Seca"]
[Date "2007.04.01"]
[Round "2"]
[White "Ventos Alfonso, Alba"]
[Black "Clopes Llahi, Judit"]
[Result "0-1"]
[WhiteElo "1838"]
[BlackElo "2032"]
[PlyCount "54"]
[EventDate "2007.03.31"]
[EventType "swiss"]
[EventRounds "8"]
[EventCountry "ESP"]
[SourceTitle "EXT 2023"]
[Source "ChessBase"]
[SourceDate "2022.10.05"]
[SourceVersion "1"]
[SourceVersionDate "2022.10.05"]
[SourceQuality "1"]

1. e4 c6 2. d4 d5 3. f3 e6 4. Bd3 dxe4 5. Bxe4 f5 6. Bd3 Qxd4 7. Ne2 Qb6 8. Nbc3 Nf6 9. Na4 Qa5+ 10. c3 b5 11. b4 Qxa4 12. Bc2 Qa6 13. Nd4 Bd7 14. Qe2 c5 15. bxc5 Bxc5 16. Nxf5 0-0 17. Ne3 Qb6 18. Rb1 Re8 19. Nc4 Qc7 20. Ne5 Bd6 21. Nxd7 Nbxd7 22. Bd2 a6 23. g3 Ne5 24. 0-0 Nc4 25. Bb3 Nxd2 26. Qxd2 Rad8 27. Qc2 Nd5 0-1

[Event "Catalunya-ch (Women) 63rd"]
[Site "Badalona"]
[Date "2005.12.08"]
[Round "3"]
[White "Riera Morilla, Elizabeth"]
[Black "Clopes Llahi, Judit"]
[Result "1/2-1/2"]
[WhiteElo "2021"]
[BlackElo "2021"]
[PlyCount "102"]
[EventDate "2005.12.06"]
[EventType "swiss"]
[EventRounds "6"]
[EventCountry "ESP"]
[SourceTitle "EXT 2022"]
[Source "ChessBase"]
[SourceDate "2021.10.06"]
[SourceVersion "1"]
[SourceVersionDate "2021.10.06"]
[SourceQuality "1"]

1. e4 e5 2. Nf3 Nc6 3. Bc4 Nf6 4. d4 exd4 5. Ng5 d5 6. exd5 Ne5 7. Qxd4 Nxc4 8. Qxc4 Nxd5 9. 0-0 c6 10. Re1+ Be7 11. Qe4 Nf6 12. Qe5 h6 13. Nf3 Kf8 14. Bf4 Nd7 15. Qe2 Nc5 16. Nc3 Ne6 17. Bg3 Qe8 18. Rad1 Bd7 19. Ne4 Rd8 20. Nh4 Kg8 21. Nf5 Bc8 22. Rxd8 Qxd8 23. Rd1 Qf8 24. Ned6 Bxd6 25. Bxd6 Qe8 26. Qe4 g6 27. Ne7+ Kh7 28. Qe5 Ng7 29. Nxc8 Qxc8 30. Qe7 Qe8 31. Re1 Qxe7 32. Bxe7 Re8 33. Kf1 Nf5 34. Bf6 Rxe1+ 35. Kxe1 Kg8 36. Ke2 Kf8 37. Kd3 Ke8 38. c4 Kd7 39. g4 Nd6 40. Kd4 Ke6 41. Bh4 f5 42. f3 fxg4 43. fxg4 h5 44. h3 hxg4 45. hxg4 Ne8 46. Ke4 Nd6+ 47. Kd4 Ne8 48. Ke4 Nd6+ 49. Kd3 Nf7 50. Bg3 Ne5+ 51. Ke3 c5 1/2-1/2